Royal Navy Ships and Submarines - Statistics

General Stats
  • This quiz has been taken 80 times
  • The average score is 20 of 76
Answer Stats
Hint Answer % Correct
Aircraft Carrier Queen Elizabeth
97%
Prince of Wales
83%
Submarines Vanguard
61%
Destroyers Daring
58%
Dragon
58%
Duncan
51%
Astute
47%
Dauntless
47%
Defender
47%
Diamond
47%
Assault Ships Albion
46%
Iron Duke
46%
Bulwark
41%
Vigilant
41%
Vengeance
37%
Tyne
36%
Ambush
34%
Artful
34%
Audacious
34%
Kent
34%
River Class Mersey
34%
Northumberland
32%
Somerset
32%
Victorious
32%
Lancaster
31%
Tamar
31%
Severn
29%
Agamemnon
27%
Anson
27%
St Albans
27%
Westminster
27%
Patrol Archer
25%
Frigates Glasgow
25%
Montrose
25%
Scott
25%
Spey
25%
Trent
25%
Triumph
25%
Argyll
24%
Forth
24%
Portland
24%
Sutherland
24%
Survey Protector
22%
Richmond
22%
Agincourt
20%
Biter
20%
Dasher
20%
Medway
20%
Cardiff
19%
Enterprise
19%
Magpie
19%
Puncher
19%
Blazer
17%
Belfast
15%
Raider
15%
Charger
14%
Chiddingfold
14%
Exploit
14%
Express
14%
Pursuer
14%
Smiter
14%
Trumpeter
14%
Bangor
12%
Example
12%
Minehunters Brocklesby
10%
Cattistock
10%
Explorer
10%
Middleton
10%
Ranger
10%
Tracker
10%
Hurworth
8%
Ledbury
8%
Penzance
8%
Pembroke
7%
Grimsby
3%
Shoreham
0%
No matching quizzes found
Score Distribution
Percent of People with Each Score
Percentile by Number Answered
Your Score History
You have not taken this quiz